000 00429nam a22001697a 4500
003 NUST - PNEC
005 20170116180841.0
008 150821b xxu||||| |||| 00| 0 eng d
020 _a0521272815
040 _cLIBRARY
082 _a530.076 COX
100 _95364
_aCox, Ronald Victor
245 _aCommon core advanced level physics
_cRonald Victor,Cox
260 _cc 1983
650 _95365
_aPhysics
_x-
942 _2ddc
_cBK
999 _c64405
_d64405